The Indian pharmaceutical codex, (Record no. 3494)
[ view plain ]
| 000 -LEADER | |
|---|---|
| fixed length control field | 00652nam a22002057 4500 |
| 001 - CONTROL NUMBER | |
| control field | 10529348 |
| 003 - CONTROL NUMBER IDENTIFIER | |
| control field | OSt |
| 005 - DATE AND TIME OF LATEST TRANSACTION | |
| control field | 20211118091626.0 |
| 008 - FIXED-LENGTH DATA ELEMENTS--GENERAL INFORMATION | |
| fixed length control field | 910717m19539999ii 000 0 eng |
| 010 ## - LIBRARY OF CONGRESS CONTROL NUMBER | |
| LC control number | ltf91088452 |
| 040 ## - CATALOGING SOURCE | |
| Original cataloging agency | DLC |
| Transcribing agency | DLC |
| Modifying agency | DLC |
| 050 00 - LIBRARY OF CONGRESS CALL NUMBER | |
| Classification number | RS151.68 |
| Item number | .M85 1953 |
| 110 1# - MAIN ENTRY--CORPORATE NAME | |
| Corporate name or jurisdiction name as entry element | India (Republic). |
| Subordinate unit | Pharmaceuticals and Drugs Research Committee. [from old catalog] |
| 245 04 - TITLE STATEMENT | |
| Title | The Indian pharmaceutical codex, |
| Statement of responsibility, etc. | by B. Mukerji. |
| 260 ## - PUBLICATION, DISTRIBUTION, ETC. | |
| Place of publication, distribution, etc. | New Delhi, |
| Name of publisher, distributor, etc. | Council of Scientific & Industrial Research, |
| Date of publication, distribution, etc. | c1953- |
| 300 ## - PHYSICAL DESCRIPTION | |
| Extent | v. <1- > |
| 504 ## - BIBLIOGRAPHY, ETC. NOTE | |
| Bibliography, etc. note | Includes index |
| 906 ## - LOCAL DATA ELEMENT F, LDF (RLIN) | |
| a | 0 |
| b | cbc |
| c | premunv |
| d | u |
| e | ncip |
| f | 19 |
| g | y-gencatlg |
| 942 ## - ADDED ENTRY ELEMENTS (KOHA) | |
| Source of classification or shelving scheme | |
| Koha item type | Book |
| Withdrawn status | Lost status | Source of classification or shelving scheme | Damaged status | Not for loan | Permanent Location | Current Location | Shelving location | Date acquired | Source of acquisition | Total Checkouts | Full call number | Barcode | Date last seen | Price effective from | Koha item type | Public note |
|---|---|---|---|---|---|---|---|---|---|---|---|---|---|---|---|---|
| AU LIBRARY | AU LIBRARY | Open Shelf | 18.11.2021 | DONATION FROM MOI UNIVERSITY | RS151.68 .M85 1953 | 28004876 | 18.11.2021 | 18.11.2021 | Book | CM |